000 00458nmm a2200157Ia 4500
008 251105s9999||||xx |||||||||||||||||und||
020 _a9788431522506
041 _aspa
100 _aSpini, Gianluigi
245 0 _aJuegos para viajes
264 _a[Madrid, España] :
_bDe Vecchi,
_c[Fecha de publicación no identificada]
300 _a0 páginas
650 _aTravel & Sports
856 _uhttps://public.digitaliapublishing.com/a/122362
942 _cCF
999 _c81030
_d81030